Տեղեկագիրք երիտասարդ բանջարաբույծ-մեխանիզատորի / (Record no. 120957)
[ view plain ]
| 000 -LEADER | |
|---|---|
| fixed length control field | 00928nam a2200229 u 4500 |
| 001 - CONTROL NUMBER | |
| control field | 000324491 |
| 003 - CONTROL NUMBER IDENTIFIER | |
| control field | AM-YeHGA |
| 005 - DATE AND TIME OF LATEST TRANSACTION | |
| control field | 20250618072040.0 |
| 008 - FIXED-LENGTH DATA ELEMENTS--GENERAL INFORMATION | |
| fixed length control field | 040406s1982 ai r 000 0 arm d |
| 040 ## - CATALOGING SOURCE | |
| Original cataloging agency | AM-YeHGA |
| 041 1# - LANGUAGE CODE | |
| Language code of text/sound track or separate title | arm |
| Language code of original | rus |
| 090 ## - LOCALLY ASSIGNED LC-TYPE CALL NUMBER (OCLC); LOCAL CALL NUMBER (RLIN) | |
| -- | 122310 |
| 100 1# - MAIN ENTRY--PERSONAL NAME | |
| Personal name | Կուզեմին, Վիկտոր Մատվեևիչ |
| 245 10 - TITLE STATEMENT | |
| Title | Տեղեկագիրք երիտասարդ բանջարաբույծ-մեխանիզատորի / |
| Statement of responsibility, etc. | Վ.Մ. Կուզեմին, Յու.Ի. Սուխով; Թարգմ.՝ Ա.Բ. Խաչատրյան. |
| 260 ## - PUBLICATION, DISTRIBUTION, ETC. | |
| Place of publication, distribution, etc. | Երևան : |
| Name of publisher, distributor, etc. | Հայաստան, |
| Date of publication, distribution, etc. | 1982. |
| 300 ## - PHYSICAL DESCRIPTION | |
| Extent | 336 էջ : |
| Other physical details | նկ., աղս. |
| 500 ## - GENERAL NOTE | |
| General note | Թարգմ. 2-րդ վերամշ. ու լրաց. հրատ. |
| 650 14 - SUBJECT ADDED ENTRY--TOPICAL TERM | |
| Topical term or geographic name entry element | Բանջարաբուծություն |
| 9 (RLIN) | 5743 |
| 650 14 - SUBJECT ADDED ENTRY--TOPICAL TERM | |
| Topical term or geographic name entry element | Գյուղատնտեսություն |
| 9 (RLIN) | 4945 |
| 700 1# - ADDED ENTRY--PERSONAL NAME | |
| Personal name | Սուխով, Յուրի Իվանովիչ |
| 700 1# - ADDED ENTRY--PERSONAL NAME | |
| Personal name | Խաչատրյան, Ա.Բ. |
| Relator term | թարգմ. |
| Relationship | trl |
| Withdrawn status | Lost status | Damaged status | Not for loan | Collection | Home library | Current library | Date acquired | Total checkouts | Full call number | Barcode | Date last seen | Price effective from | Koha item type | Public note |
|---|---|---|---|---|---|---|---|---|---|---|---|---|---|---|
| General | Fundamental Scientific Library | Fundamental Scientific Library | 22/12/2016 | 631.171:635(031) | 220068385 | 22/12/2016 | 22/12/2016 | Գրքեր / Books | 30 Days Loan | |||||
| General | Fundamental Scientific Library | Fundamental Scientific Library | 22/12/2016 | 631.171:635(031) | 220068386 | 22/12/2016 | 22/12/2016 | Գրքեր / Books | 30 Days Loan |
ՀՀ Գիտությունների ազգային ակադեմիայի հիմնարար գիտական գրադարան = Fundamental Scientific Library of NAS RA
All site content, except where otherwise noted, is licensed under a